000 00536nam a2200205Ia 4500
001 15033
003 GE_BSU
008 181216s||||||||xx |||||||||||||| ||und||
040 _cGE_BSU
080 _a519.21(075.8)
100 _aВентцель, Е. С.
245 _aТеория вероятностей
245 _cРед.А.П.Разумевская
260 _aМосква
260 _bГосиздат
260 _c1958
300 _a646стр.22см.
653 _aТеория вероятностей
942 _cBK
999 _c48151
_d48151